000 00809nam a2200229Ia 4500
001 L250-16876
003 IT-CnALBA
008 170116s9999||||xx |||||||||||||| ||und||
040 _aIT-CnALBA
_cIT-CnALBA
041 _aITALIANO
100 _aBIGNAMINI EGIDIO, MONS.
245 0 _aMAGISTER ADEST... SCHEMI PER RITIRI MENSILI AI SOCI DI AZIO NE CATTOLICA.
250 _a1a ed.
260 _aROMA
_bAVE, ANONIMA VERITA'S EDITRICE
_c1940 [1° Ed.:1940 - Ed.Ling.Originale: 1940]
300 _a120 p.
500 _aDOPPIONE. CONFRONTA DOCUMENTO 12189.
501 _aSocietà San Paolo EM - Piazza San Paolo, 14 - 12051 ALBA (CN) (non commercial uses only) ® Copyright 2017
520 _aDOPPIONE. CONFRONTA DOCUMENTO 12189.
650 _aTEOLOGIA PASTORALE
942 _cBK
957 _71
999 _a21621
_bSI
_g Copie: 1
_c276032
_d276032